Diseño de pequeñas obras de toma
Պահպանված է:
| Հիմնական հեղինակ: | |
|---|---|
| Ձևաչափ: | Գիրք |
| Հրապարակվել է: |
San José, Costa Rica
1992
|
| Խորագրեր: | |
| Ցուցիչներ: |
Ավելացրեք ցուցիչ
Չկան պիտակներ, Եղեք առաջինը, ով նշում է այս գրառումը!
|
MARC
| LEADER | 00000nam a2200000Ia 4500 | ||
|---|---|---|---|
| 003 | 005504 | ||
| 005 | 20221231144320.0 | ||
| 008 | 140114s1992 cr a m 000 ||s d | ||
| 040 | |c cru CEDI | ||
| 090 | |a TFG 2642 | ||
| 100 | |a Aguilar Castro, José Ricardo |9 12313 | ||
| 245 | |a Diseño de pequeñas obras de toma | ||
| 260 | |c 1992 |a San José, Costa Rica | ||
| 300 | |a 124 hojas : ilustraciones ; 28 cm. | ||
| 500 | |a Tesis (licenciatura en ingenieria civil)--Universidad de Costa Rica. Facultad de Ingeniería. Escuela de Ingenieria Civil | ||
| 650 | |x INGENIERIA HIDRAULICA |x VERTEDEROS - DISEÑO |9 1138 | ||
| 942 | |c TFG |2 ddc | ||
| 999 | |c 20041 |d 20041 | ||
